The twelve. (Record no. 5106)

000 -LEADER
fixed length control field 00672nam a2200217 a 4500
001 - CONTROL NUMBER
control field :::00002847$&:&@@
003 - CONTROL NUMBER IDENTIFIER
control field OkBaRHE
005 - DATE AND TIME OF LATEST TRANSACTION
control field 20000607103257.0
008 - FIXED-LENGTH DATA ELEMENTS--GENERAL INFORMATION
fixed length control field s1988 j 000 0 eng u
040 ## - CATALOGING SOURCE
Transcribing agency
100 1# - MAIN ENTRY--PERSONAL NAME
Personal name Flynn, Leslie B.
245 14 - TITLE STATEMENT
Title The twelve.
260 ## - PUBLICATION, DISTRIBUTION, ETC. (IMPRINT)
Place of publication, distribution, etc Wheaton, IL., :
Name of publisher, distributor, etc Scripture Press
Date of publication, distribution, etc 1988
300 ## - PHYSICAL DESCRIPTION
Extent 141 p. ;
Dimensions 21 cm.
650 ## - SUBJECT ADDED ENTRY--TOPICAL TERM
Topical term or geographic name as entry element Apostles
650 ## - SUBJECT ADDED ENTRY--TOPICAL TERM
Topical term or geographic name as entry element Bible
General subdivision Biography
650 ## - SUBJECT ADDED ENTRY--TOPICAL TERM
Topical term or geographic name as entry element Bible Characters
942 ## - ADDED ENTRY ELEMENTS (KOHA)
Source of classification or shelving scheme
Koha item type Books
Copies
Date acquired Copy number Not for loan Barcode Koha item type Withdrawn status Lost status Shelving location Full call number Price effective from Date last seen Damaged status Permanent Location Source of classification or shelving scheme
2010-04-141 2847Books  General StacksBS 2440 .F542010-04-142018-03-16 RHEMA Bible Training College 
2010-04-142 15537Books  General StacksBS 2440 .F542010-04-142018-03-16 RHEMA Bible Training College